• 首页
  • 本馆介绍
  • 公告通知
  • 最新文献
  • 馆藏检索
  • 电子资源
  • 读者导购
  • 参考咨询
  • 我的图书馆
  • 登录
  • 详细信息显示
  • 放入我的书架
  • 预约/预借图书
  • 作者相关作品
  • 分类相关作品
  • 丛书相关作品
  • 出版社相关作品

书目信息

  • 表格格式
  • 工作单格式
  • 卡片格式
题名:
社会正义要素
    
 
作者: 伦纳德·霍布豪斯 著 ;孔兆政 译
分册:  
出版信息: 长春   吉林人民出版社  2011.1
页数: 160页
开本: 24cm
丛书名: 人文译丛
单 册:
中图分类: D08
科图分类:
主题词: 政治学--研究
电子资源:
ISBN: 978-7-206-07194-2
000 00891oam2 2200277 45
001 515
005 20120531151358.62
010    @a978-7-206-07194-2@dCNY20.00
100    @a20120328d2011 em y0chiy0110 ea
101 1  @achi@ceng
102    @aCN@b220000
105    @ay a 000yy
106    @ar
200 1  @a社会正义要素@AShe Hui Zheng Yi Yao Su@f(英)伦纳德·霍布豪斯著@F( Ying ) Lun Na De· Huo Bu Hao Si Zhu@g孔兆政译
205    @a2版
210    @a长春@c吉林人民出版社@d2011.1
215    @a160页@d24cm
225 2  @a人文译丛
330    @a本书围绕和谐原理展开对政治学基本问题的探讨,提供了一系列命题,并对其进行讨论和研究。
461  0 @12001 @a人文译丛
606 0  @a政治学@x研究
690    @aD08@v4
701  0 @c(英)@a伦纳德·霍布豪斯@ALun Na De· Huo Bu Hao Si@4著
702  0 @a孔兆政@AKong Zhao Zheng@4译
801  0 @aCN@bTSTCL@c20120328
905    @b0810845-49@dD08@e27=2@f5
    
    社会正义要素/(英)伦纳德·霍布豪斯著/孔兆政译.-2版.-长春:吉林人民出版社,2011.1
    160页;24cm.-(人文译丛)
    
    
    ISBN 978-7-206-07194-2:CNY20.00
    本书围绕和谐原理展开对政治学基本问题的探讨,提供了一系列命题,并对其进行讨论和研究。
●
相关链接 在E读中查询图书 在五车中查询图书 在当当中查询图书 在豆瓣中查询图书


正题名:社会正义要素     索取号:D08/27=2         预约/预借

序号 登录号 条形码 馆藏地/架位号 状态 备注
1 0810845   208108457   第一样本阅览室/ [索取号:D08/27=2] 在馆    
2 0810846   208108466   第一借阅区/ [索取号:D08/27=2] 在馆    
3 0810847   208108475   第一借阅区/ [索取号:D08/27=2] 在馆    
4 0810848   208108484   第一借阅区/ [索取号:D08/27=2] 在馆    
5 0810849   208108493   第一借阅区/ [索取号:D08/27=2] 在馆    
唐山师范学院图书馆 欢迎您!
大连网信软件有限公司© 版权所有